| 000 -CABECERA |
| Longitud fija campo de control |
00615nam a2200181 a 4500 |
| 001 - NÚMERO DE CONTROL |
| Número de control |
2614 |
| 003 - IDENTIFICADOR DEL NÚMERO DE CONTROL |
| Identificador del número de control |
CDMR |
| 005 - FECHA Y HORA DE LA ÚLTIMA TRANSACCIÓN |
| Fecha y hora de la última transacción |
20131213134228.0 |
| 008 - CÓDIGOS DE INFORMACIÓN DE LONGITUD FIJA |
| Códigos de información de longitud fija |
130130s1972||||||||||||||||||||||||||||d |
| 040 ## - FUENTE DE LA CATALOGACIÓN |
| Centro catalogador de origen |
CDMR |
| Lengua de catalogación |
cat |
| Centro transcriptor |
CDMR |
| 100 1# - PUNTO DE ACCESO PRINCIPAL-NOMBRE DE PERSONA |
| Nombre de persona |
Pérez Galdos, Benito |
| 9 (RLIN) |
1955 |
| 245 14 - MENCIÓN DE TÍTULO |
| Título |
Los artículos de Galdós en "La Nación" |
| Resto del título |
: 1865-1866, 1968 recogidos, ordenados y dados nuevamente a luz con un estudio preliminar |
| Mención de responsabilidad, etc. |
[Benito Pérez Galdós] ; William H. Shoemaker |
| 260 ## - PUBLICACIÓN, DISTRIBUCIÓN, ETC. (PIE DE IMPRENTA) |
| Lugar de publicación, distribución, etc. |
Madrid |
| Fecha de publicación, distribución, etc. |
1972 |
| Nombre del editor, distribuidor, etc. |
Insula |
| 300 ## - DESCRIPCIÓN FÍSICA |
| Extensión |
557 p. |
| 600 1# - PUNTO DE ACCESO ADICIONAL DE MATERIA - NOMBRE DE PERSONA |
| 9 (RLIN) |
1955 |
| Nombre de persona |
Pérez Galdos, Benito |
| 700 1# - PUNTO DE ACCESO ADICIONAL - NOMBRE DE PERSONA |
| 9 (RLIN) |
4523 |
| Nombre de persona |
Shoemaker, William H. |
| 942 ## - ENTRADA DE ELEMENTOS AGREGADOS (KOHA) |
| Koha [por defecto] tipo de item |
Monografies |
| Fuente de clasificaión o esquema |
|